Europe map darts - Statistics

General Stats
  • This quiz has been taken 91 times
  • The average score is 24 of 47
Answers on the Map
Answers color-coded by a green-red scale on the quiz's map according to % correct below.
 
Answer Stats
Answer % Correct
iceland
67%
portugal
67%
germany
65%
ireland
65%
cyprus
61%
denmark
61%
italy
61%
netherlands
61%
russia
61%
turkey
61%
belarus
59%
finland
59%
greece
59%
norway
59%
United Kingdom
59%
spain
57%
sweden
57%
estonia
55%
france
55%
albania
51%
belgium
51%
czech republic
51%
latvia
51%
lithuania
51%
romania
51%
switzerland
51%
ukraine
51%
austria
49%
croatia
49%
luxembourg
49%
malta
49%
poland
49%
slovenia
49%
bosnia and herzegovina
47%
bulgaria
47%
north macedonia
47%
moldova
45%
montenegro
45%
slovakia
45%
hungary
43%
serbia
43%
kosovo
41%
san marino
41%
liechtenstein
39%
andorra
37%
monaco
29%
vatican city
27%
No matching quizzes found
Score Distribution
Percent of People with Each Score
Percentile by Number Answered
Your Score History
You have not taken this quiz